| 000 | 00732nam a2200205Ii 4500 | ||
|---|---|---|---|
| 003 | JO-AjNU | ||
| 008 | 230605s9999||||xx |||||||||||||| ||und|| | ||
| 040 |
_aJO-AjNU _bara _erda _cJO-AjNU |
||
| 041 | _aara | ||
| 050 | 1 | 4 | _aND967.A3354 1980 |
| 100 | 3 |
_aكمال، عادل تأليف, _eauthor _936005 |
|
| 245 | 0 | 0 | _aالحركة التشكيلية المعاصرة في العراق :مرحلة الرواد |
| 264 | 3 | 1 | _aبغداد:دار الرشيد للنشر1980 |
| 300 | _a264ص | ||
| 336 |
_atext _btxt _2rdacontent |
||
| 337 |
_aunmediated _bn _2rdamedia |
||
| 338 |
_avolume _bnc _2rdacarrier |
||
| 490 | 0 | _aسلسلة الكتب الفنية(43) | |
| 650 | 4 |
_aالحركة التشكيلية المعاصرة _936006 |
|
| 999 |
_aA14920 _c18488 _d18488 |
||